[Event "Avoine op 30th"]
[Site "Avoine"]
[Date "2015.07.20"]
[Round "3"]
[White "Charrais, Kevin"]
[Black "Aflalo, Sophie"]
[Result "0-1"]
[WhiteElo "1933"]
[BlackElo "2135"]
[PlyCount "108"]
[EventDate "2015.07.18"]
[EventType "swiss"]
[EventRounds "9"]
[EventCountry "FRA"]
[SourceTitle "EXT 2016"]
[Source "ChessBase"]
[SourceDate "2015.10.08"]
[SourceVersion "1"]
[SourceVersionDate "2015.10.08"]
[SourceQuality "1"]

1. e4 c5 2. Nf3 Nc6 3. d4 cxd4 4. c3 d5 5. exd5 Qxd5 6. cxd4 e5 7. Nc3 Bb4 8. Bd2 Bxc3 9. Bxc3 Bg4 10. dxe5 Bxf3 11. Qxf3 Nge7 12. Qxd5 Nxd5 13. Bb5 Nxc3 14. Bxc6+ bxc6 15. bxc3 0-0-0 16. Rd1 Rhe8 17. Rxd8+ Kxd8 18. Kd2 Rxe5 19. Rb1 Ra5 20. Rb2 Kd7 21. Kd3 Kd6 22. Kc4 Rc5+ 23. Kd4 a5 24. f4 g5 25. fxg5 Rxg5 26. Rf2 Rg4+ 27. Kd3 Ke6 28. c4 f6 29. h3 Rh4 30. Re2+ Kd6 31. Rf2 Kc5 32. Rf5+ Kb4 33. a3+ Kb3 34. Rxa5 Rxc4 35. Rf5 Rc3+ 36. Kd4 Rc4+ 37. Kd3 c5 38. Rxf6 Rc3+ 39. Ke4 Rg3 40. Rb6+ Kc3 41. a4 Rxg2 42. a5 Ra2 43. a6 c4 44. Ke3 Kc2 45. Ke2 Kc1+ 46. Ke1 c3 47. Rc6 c2 48. Rb6 h5 49. h4 Ra4 50. Ke2 Rxh4 51. Rb5 Ra4 52. Rxh5 Rxa6 53. Rb5 Re6+ 54. Kd3 Kd1 0-1

[Event "FRA-chT2 1011"]
[Site "France"]
[Date "2010.10.17"]
[Round "1.6"]
[White "Gomard, Jonathan"]
[Black "Charrais, Kevin"]
[Result "0-1"]
[WhiteElo "1830"]
[BlackElo "1911"]
[PlyCount "56"]
[EventDate "2010.10.17"]
[EventType "team-tourn"]
[EventRounds "11"]
[EventCountry "FRA"]
[SourceTitle "EXT 2012"]
[Source "ChessBase"]
[SourceDate "2011.11.24"]
[SourceVersion "1"]
[SourceVersionDate "2011.11.24"]
[SourceQuality "1"]

1. e4 e5 2. Nf3 Nc6 3. d4 exd4 4. Bc4 Bc5 5. Ng5 Qf6 6. Bxf7+ Kf8 7. Bxg8 Kxg8 8. 0-0 h6 9. Nf3 d6 10. h3 Be6 11. Nbd2 Rf8 12. Ne1 Qg6 13. Kh1 d5 14. Nb3 Bb6 15. e5 Qe4 16. Qd3 Nxe5 17. Qg3 Rf6 18. f3 Qe2 19. Qf2 d3 20. Qxe2 dxe2 21. Rg1 Rg6 22. f4 Nc4 23. g4 Bxg1 24. Kxg1 h5 25. f5 Bxf5 26. Kf2 hxg4 27. Nd4 Bd7 28. Nxe2 gxh3 0-1

[Event "FRA-ch U20"]
[Site "Troyes"]
[Date "2010.04.11"]
[Round "1"]
[White "Charrais, Kevin"]
[Black "Favarel, Antoine"]
[Result "0-1"]
[WhiteElo "1888"]
[BlackElo "2231"]
[PlyCount "62"]
[EventDate "2010.04.11"]
[EventType "swiss"]
[EventRounds "9"]
[EventCountry "FRA"]
[SourceTitle "EXT 2012"]
[Source "ChessBase"]
[SourceDate "2011.11.24"]
[SourceVersion "1"]
[SourceVersionDate "2011.11.24"]
[SourceQuality "1"]

1. e4 c5 2. Nf3 Nc6 3. d4 cxd4 4. c3 Nf6 5. e5 Nd5 6. cxd4 d6 7. exd6 Qxd6 8. a3 Bg4 9. Be2 e6 10. 0-0 Be7 11. Nc3 0-0 12. h3 Bf5 13. Nb5 Qb8 14. Bd3 Bxd3 15. Qxd3 h6 16. Re1 a6 17. Nc3 Rd8 18. Re4 Nf6 19. Rh4 Bf8 20. Bf4 Qc8 21. Ne4 Nxe4 22. Qxe4 Qd7 23. Rd1 Qd5 24. Qe2 Qf5 25. Rg4 h5 26. Nh4 Nxd4 27. Qe3 Qd5 28. Rg5 Ne2+ 29. Qxe2 Qxd1+ 30. Qxd1 Rxd1+ 31. Kh2 g6 0-1

[Event "Avoine op 22nd"]
[Site "Avoine"]
[Date "2007.07.25"]
[Round "5"]
[White "Soyer, Jean Yves"]
[Black "Charrais, Kevin"]
[Result "1-0"]
[WhiteElo "2126"]
[BlackElo "1802"]
[PlyCount "107"]
[EventDate "2007.07.21"]
[EventType "swiss"]
[EventRounds "9"]
[EventCountry "FRA"]
[SourceTitle "EXT 2010"]
[Source "ChessBase"]
[SourceDate "2010.11.25"]
[SourceVersion "1"]
[SourceVersionDate "2010.11.25"]
[SourceQuality "1"]

1. d4 d5 2. c4 c6 3. Nc3 Nf6 4. e3 Bf5 5. cxd5 cxd5 6. Qb3 Qd7 7. Nf3 e6 8. Bb5 Nc6 9. Ne5 Qc7 10. Qa4 Rc8 11. Qxa7 Nd7 12. Nxc6 bxc6 13. Qxc7 Rxc7 14. Be2 Be7 15. 0-0 h5 16. Bd2 Rb7 17. Na4 g5 18. Rfc1 Rc7 19. b4 Ra7 20. Nb2 Rb7 21. Rxc6 Bxb4 22. Rc8+ Ke7 23. Bxb4+ Rxb4 24. Rxh8 Rxb2 25. Bxh5 Nf6 26. f3 Re2 27. a4 Rxe3 28. a5 Bd3 29. a6 Bxa6 30. Rxa6 e5 31. dxe5 Rxe5 32. Ra7+ Ke6 33. Rh6 Kf5 34. Rxf7 Kf4 35. Kf2 Rf5 36. Rhxf6 Rxf6 37. Rxf6+ Ke5 38. Ra6 Kd4 39. Rc6 Kd3 40. Bg6+ Kd4 41. Ke2 Ke5 42. Bf7 Kf4 43. Bxd5 Ke5 44. Kd3 Kf4 45. g4 Ke5 46. Ke3 Kxd5 47. Rc1 Ke5 48. Rd1 Kf6 49. Ke4 Kg6 50. Ke5 Kg7 51. Kf5 Kh6 52. Kf6 Kh7 53. Kf7 Kh6 54. Rg1 1-0